MDQL
is popping MORE tags! Check the
thread
!
Quizzes
Events
Quiz Creation
Community
Videos
Private Events
Remove Ads
Sign In
Join for FREE
Feedback
Dark Mode
Quiz Categories
Sports
Geography
Music
Movies
Television
Just For Fun
Miscellaneous
History
Literature
Language
Science
Gaming
Entertainment
Religion
Holiday
For Kids
Quiz Lab
Recent
Popular Today
Quiz Kudos Today
Editor Picks
Curator Picks
Quizzes by...
Day
Popularity
Type
Ratings
Length
Year
Community
Subscriptions
Recent Discussions
Orange Saloon
Badges
Playlists
Quests
Create
Leaderboards
Showdown
Live 5
Trivia Bingo
Activity
Puzzle Library
Sporcle Events
Private Events
Virtual Trivia
Globe League
Become a Host
Pub Owners
SporcleCon
Opinionation
Our Games
Videos
Blog
Mobile Apps
Partnerships
Remove Ads and Go Orange
Feedback
Language
Vocabulary
Begins and Ends
Definition
Spanish
French
German
Italian
Chinese
Latin
Translation
Japanese
Language
Vocabulary
Begins and Ends
Definition
Spanish
French
German
Italian
Chinese
Latin
Translation
Japanese
Random Quiz
Search Sporcle
×
Quiz Lab
Quiz Lab
Language
Musical
Type in answers that appear in a list
Type in answers that appear in a list
Classic
Best Score? Go Orange.
Broadway Musicals By Song Stats
Can you name the Broadway Musicals By Song?
By
broadwaybaby316
15m
20 Questions
259 Plays
259 Plays
259 Plays
Comments
Comments
Give Quiz Kudos
Give Quiz Kudos
-
- Ratings
hide this ad
Replay
Link that replays current quiz
Next Quiz
Link to next quiz in quiz playlist
You Got
0%
They Got
Avg Score
57%
Avg Friend Score
Upgrade to see
Score Distribution
Jump to the score distribution portion of the page
Score
0/20
Timer
15:00
0
Plays Today
Song from the Musical
Musical
% Correct
Summer Nights
Grease
96.1%
We'd Like to Thank You, Herbert Hoover
Annie
92.6%
For Good
Wicked
89.9%
Anything You Can Do I Can Do Better
Annie Get Your Gun
89.5%
Miss Baltimore Crabs
Hairspray
88%
The Worst Pies in London
Sweeney Todd
86.8%
Agony
Into the Woods
75.6%
Electricity
Billy Elliot
61.6%
Comedy Tonight
A Funny Thing Happened on the Way to the Forum
61.2%
The Telephone Hour
Bye Bye Birdie
55.8%
Song from the Musical
Musical
% Correct
Let's Hear It for Boy
Footloose
55%
Hello, Young Lovers
The King and I
48.8%
Gimme Gimme
Thoroughly Modern Millie
48.4%
Trouble
The Music Man
48.4%
Have Yourself a Merry Little Christmas
Meet Me In St. Louis
36.8%
Six Months Out of Every Year
Damn Yankees
34.5%
Facade
Jekyll and Hyde
25.6%
Learn Your Lessons Well
Godspell
23.6%
Poor Wand'ring One
The Pirates of Penzance
17.8%
Get Out and Stay Out
9 to 5
15.9%
Quiz Playlist
Details
Report
Send in Message
Add To Playlist
Classic:
Type in answers that appear in a list
Last Updated: Feb 16, 2017
Quiz Scoreboard
CHALLENGE
Sign Up to Join the Scoreboard
Show All
Scores
Hide
Comments
May contain spoilers
Recently Published
Two Season TV Shows II
by 123Four
Television
10m
Image Sorting: Flags VI
by Barbecue
Geography
2m
Find the 'City' Movie
by crazypaving
Movies
60s
More to Explore
Quiz From the Vault
Featured Blog Post
14 Easter Pick-up Lines to Find Eggs With
hide this ad
You Might Also Like...
Tags
Broadway Quiz
Musical Quiz
Song Quiz
Broadway Musicals
Today's Top Quizzes in Language
Browse Language
hide this ad
Today's Top Quizzes in Musical
Browse Musical
Top Contributed Quizzes in Language
1
What Word Starts All?
2
1-10 Letter F Words III
3
1-10 Letter G Words III
4
Weisst du, aus welchen Sprachen diese Wörter stammen?
5
1-10 Letter H Words III
6
Harry Potter book 6 chapters: English & Greek
7
Arabic Numerals
8
1-10 Letter I Words III
9
One Thing in Common: Italy
10
Celtic Nations in their Language
Explore More
Trending Topics
Disney
Kpop
Marvel
Harry Potter
NBA
Crossword
Anime
WWE
Country
Pokémon
Song
Soccer
The Office
Puzzle
NFL
hide this ad
More By:
broadwaybaby316
Quiz
Plays
Rating
Category
Featured
Created
Harry Potter Alphabet Soup
3,677
3.80
Literature
Oct 8, 2012
Kids in Musicals
726
5.00
Entertainment
May 13, 2012
Matilda Actresses
455
1.00
Entertainment
May 31, 2013
Broadway Musicals By Song
259
3.00
Language
Oct 30, 2011
Parts in Telephone Hour
212
3.00
Entertainment
Aug 15, 2012
Go to Creator's Profile
Score Distribution
Quiz Creator Spotlight
broadwaybaby316
Follow
Send a Message
Quizzes Created
-
Created Quiz Play Count
-
More By This Creator
Popular Quizzes Today
1
Find the US States - No Outlines Minefield
2
Colored Red Africa Blitz
3
Find the 'City' Movie
4
5x2 Blitz: Bands
5
The Countries of the World
6
Find the Countries of Europe - No Outlines Minefield
7
Find the US States
8
US States
More Language Quizzes
Rolling Stones Songs by Definitions
Curator's Pick
Trending Quizzes
Colored Red Europe Blitz I
Colored Red Africa Blitz II
Colored Red Europe Blitz II
Colored Red Africa Blitz III
Colored Red Europe Blitz III
Recently Updated
How Do You Spell That?
pecheneg
Godzilla Movies
pecheneg
Grab Bag: 4-10 Letters
pecheneg
2024 March Madness Bracket
pecheneg
Famous TV Couples
Peacemaker
Champions League XIs: Real Madrid
pecheneg
Largest US Cities 1790-2010
pecheneg
Rides in Walt Disney World
pecheneg
Most Oscar Losses (Acting)
pecheneg
Beyoncé Albums
pecheneg
Trending Topics
Marvel
NBA
Disney
Crossword
Harry Potter
Kpop
Anime
The Office
Puzzle
NFL
Country
Song
Soccer
WWE
Pokémon
Your Account Isn't Verified!
In order to create a playlist on Sporcle, you need to verify the email address you used during registration. Go to your
Sporcle Settings
to finish the process.
Report this User
Report this user for behavior that violates our
Community Guidelines
.
Details:
Send Report
Go to the Sporcle.com Mobile Site →
Comments